000 00798cam a2200241 a 4500
001 16009311
005 20180202041808.0
008 091204s2010 njua b 001 0 eng
010 _a 2009942824
020 _a9780470577059
040 _aDLC
_cDLC
_dDLC
041 _aeng
042 _apcc
080 _a635.986 bil
082 0 0 _a635.986 bil
_223
100 1 _a9
101 _amje
245 1 0 _aContainer gardening for dummies /
_cby Bill Marken, Suzanne DeJohn, and the editors of the National Gardening Association.
906 _a7
_bcbc
_corigcop
_d2
_eepcn
_f20
_gy-gencatlg
942 _2ddc
_cBK
999 _c41590
_d41590